000 00489nam a2200169Ia 4500
999 _c29279
_d29279
003 OSt
005 20210112095725.0
008 190216s9999||||xx |||||||||||||| ||und||
040 _coclc
082 _a100
_bPOT/T
100 _aPotti, R Vasudevan
_96981
245 0 _aTattvaditrayam /
_cR Vasudevan Potti
260 _bSukrudheenthra Oriental Reserch Institute,
_c2006.
_aKochi:
300 _a90p
650 _aReligion
942 _cBK
_2ddc
_h100
_iPOT/T
_k100
_mPOT/T